La cántiga de las piedras (Record no. 218)
[ view plain ]
| 000 -CABECERA | |
|---|---|
| campo de control de longitud fija | 00960nam a2200241 a 4500 |
| 001 - NÚMERO DE CONTROL | |
| campo de control | BRCA_271 |
| 005 - FECHA Y HORA DE LA ÚLTIMA TRANSACCIÓN | |
| campo de control | 20190320202936.0 |
| 008 - DATOS DE LONGITUD FIJA--INFORMACIÓN GENERAL | |
| campo de control de longitud fija | 290508s1943----mx-a---###---#000-0#spa-# |
| 041 ## - CÓDIGO DE LENGUA | |
| Código de lengua del texto/banda sonora o título independiente | spa |
| 044 ## - CÓDIGO DEL PAÍS DE LA ENTIDAD EDITORA/PRODUCTORA | |
| Código MARC del país | mx |
| 050 #4 - SIGNATURA TOPOGRÁFICA DE LA BIBLIOTECA DEL CONGRESO | |
| Número de clasificación | F1386 |
| Número de documento/Ítem | .T67 1943 |
| 100 1# - ENTRADA PRINCIPAL--NOMBRE DE PERSONA | |
| Nombre de persona | Toro, Alfonso |
| Fechas asociadas al nombre | 1873-1952 |
| 9 (RLIN) | 907 |
| 245 10 - MENCIÓN DE TÍTULO | |
| Título | La cántiga de las piedras |
| Mención de responsabilidad, etc. | por Alfonso Toro. |
| 260 ## - PUBLICACIÓN, DISTRIBUCIÓN, ETC. | |
| Lugar de publicación, distribución, etc. | México |
| Nombre del editor, distribuidor, etc. | Patria |
| Fecha de publicación, distribución, etc. | 1943 |
| 300 ## - DESCRIPCIÓN FÍSICA | |
| Extensión | 395 p. |
| Otras características físicas | il., fotografías |
| Dimensiones | 30 cm. |
| 500 ## - NOTA GENERAL | |
| Nota general | Incluye información sobre la plaza de la Santa Veracruz y el hospital de San Juan de Dios, donde se ubica actualmente el Museo Franz Mayer : p. 115-118 y 184-190 |
| 504 ## - NOTA DE BIBLIOGRAFÍA, ETC. | |
| Nota de bibliografía, etc. | Bibliografía: p. 393-395 |
| 610 24 - PUNTO DE ACCESO ADICIONAL DE MATERIA--NOMBRE DE ENTIDAD CORPORATIVA | |
| Nombre de entidad corporativa o nombre de jurisdicción como elemento de entrada | Museo Franz Mayer (Ciudad de México) |
| Subdivisión de forma | Edificio |
| Subdivisión general | Historia |
| 9 (RLIN) | 908 |
| 650 14 - PUNTO DE ACCESO ADICIONAL DE MATERIA--TÉRMINO DE MATERIA | |
| Término de materia o nombre geográfico como elemento de entrada | Edificios coloniales |
| Subdivisión general | Historia |
| Subdivisión geográfica | Ciudad de México |
| 9 (RLIN) | 909 |
| 650 14 - PUNTO DE ACCESO ADICIONAL DE MATERIA--TÉRMINO DE MATERIA | |
| Término de materia o nombre geográfico como elemento de entrada | Monumentos históricos |
| Subdivisión general | Leyendas |
| Subdivisión geográfica | Ciudad de México |
| 9 (RLIN) | 910 |
| 650 14 - PUNTO DE ACCESO ADICIONAL DE MATERIA--TÉRMINO DE MATERIA | |
| Término de materia o nombre geográfico como elemento de entrada | Iglesias y conventos |
| Subdivisión general | Historia |
| Subdivisión geográfica | Ciudad de México |
| 9 (RLIN) | 911 |
| 942 ## - ELEMENTOS DE PUNTO DE ACCESO ADICIONAL (KOHA) | |
| Fuente del sistema de clasificación o colocación | Library of Congress Classification |
| Tipo de ítem Koha | Libros |
| Estado de retiro | Estado de pérdida | Estado dañado | No para préstamo | Localización permanente | Ubicación/localización actual | Fecha de adquisición | Total de préstamos | Signatura topográfica completa | Código de barras | Fecha visto por última vez | Precio válido a partir de | Tipo de ítem Koha |
|---|---|---|---|---|---|---|---|---|---|---|---|---|
| El ejemplar forma parte de la colección y puede ser consultado según las políticas vigentes. | Biblioteca del Museo Franz Mayer (Rogerio Casas-Alatriste) | Biblioteca del Museo Franz Mayer (Rogerio Casas-Alatriste) | 25/06/2008 | F1386 .T67 1943 | 00329 | 22/03/2019 | 22/03/2019 | Libros |